00774nam a2200229Ia 450000500170000000800410001702000150005808200200007310000290009324500610012225000390018330000430022249000140026550400270027965000290030665000520033526400340038733600270042133700330044833800280048104000350050920220317000557.0160601s2004 ag a g 000 0 spa  a950129002604a741.5809 bD27h1 aSantis, Pablo de,d1963-13aLa historieta en la edad de la razón cPablo de Santis a1a. edición b1a. reimpresión  a156 páginas bilustraciones c21 cm  aPostales  aIncluye bibliografía142LEMB aDibujos animados 142LEMB aTiras cómicas, historietas xHistoria  aBuenos Aires bPaidósc2004 atextobtxt2rdacontent asin mediaciónbn2rdamedia avolumenbnc2rdacarrier aCO-BoRNBPbspaerdacCO-BoRNBP